03356nam a2200529Ia 45000010005000000080041000050100009000460410014000550820028000692450139000972600018002363000008002545200007002626300026002696300017002956500044003126900014003567000032003707000036004027000045004389010090004839020006005739030040005799040018006199050053006379060006006909070014006969080014007109090051007249100015007759110010007909120014008009130009008149140024008239150019008479160009008669170009008759180014008849190016008985201853009149210007027679220007027749230006027819240014027879420010028019990015028112539241029s9999 xx 000 0 und d a2387 aEspañol aMA-O EIP 000033 FH 2004 0aEvaluación del programa de Formación Integral Humana y Religiosa de 7mo. Grado en la Escuela Barrio Blanco, San Pedro de Macorís aSanto Domingo a126 a33 aEducación Religiosa aEvaluación aFormación Integral Humana y Religiosa aElaborado easesora Ávila, Casilda eautora Acosta Peguero, Raquel  eautora Lirio Núñez, María Antonia a{"1":" Acosta Peguero","2":" Lirio Núñez"}b{"1":"Raquel ","2":"María Antonia"} a1 a{"1":" Ávila"}b{"1":"Casilda"} aMaestría en aOrientación e Intervención Psicopedagógica a2 aNO APLICA aNO APLICA aUniversidad Autónoma de Santo Domingo (UASD) aNULLbNULL a["1"] aNO APLICA aNULL a08 de Enero de 2007 a08/07/15 02:07 aNULL aNULL aNO APLICA a["82","97"] aLa investigación se fundamentó en evaluar el programa Formación Integral Humana y Religiosa de 7mo grado de educación básica en el Centro Educativo Barrio Blanco, identificar las coherencias existentes entre los propósitos, contenidos y naturaleza del área en el programa Formación Integral Humana y Religiosa y las estrategias y metodologías usadas durante el proceso de enseñanza-aprendizaje.La investigación presenta una metodología cualitativa, la cual se sustentó con la aplicación de los instrumentos del cuestionario, ficha de observación, análisis de contenido, registro visual, análisis FODA, diario de campo y entrevistas, dirigidos a una población de 53 estudiantes de 7mo grado en la tanda matutina de los cuales 26 son varones y 27 hembras entre las edades de 11 a 16 años y la maestra del grado.El estudio determinó que se puede observar las carencias de contenidos de carácter social, preventivo, fundamento en una educación de valores. En este grado la enseñanza del área, los contenidos priorizan la espiritualidad y la fe, no toman en cuenta las necesidades de los estudiantes y el entorno que les rodea. En otro sentido se destacó las necesidades en los maestros, la falta de orientación, el seguimiento y apoyo al trabajo que tienen desarrollar, falta de materiales y recursos, falta de coordinación de actitudes con maestros que imparten la asignatura, falta de planificación de contenidos y programas de educación en valores que puedan ayudar a mejorar los comportamiento de los estudiantes.El estudio recomienda que la SEE debe de hacer una revisión general del programa Formación Integral Humana y Religiosa en todos los niveles y tomar en cuenta la preparación del profesional del área para nombrarlo como maestro de Formación Integral Humana y Religiosa. a16 a16 a0 aNO APLICA cTesis c2387d2387